000 00503nam a22001937a 4500
003 MPLRDC
005 20220104142809.0
008 210129b ||||| |||| 00| 0 eng d
020 _a957-621-273-1
082 _a782.886 ZXJ
100 _a朱秀娟 访谈
245 _a点滴在心头
_c陈秋美 编辑
250 _a第一版
260 _a
_b天下文化出版股份有限公司
_c1995
300 _b
490 _a社会人文. 63
650 _a蒋中正传记
942 _cBK
_o782.886 ZXJ
999 _c33788
_d33778